[Event "AUTO-OPEN-59"]
[Site "http://www.queenalice.com/game.php?id=6328"]
[Date "2005.3.5"]
[Round "1"]
[White "VictorAlfredoSuarez"]
[Black "adilson_camargo"]
[Result "0-1"]
[WhiteElo "1371"]
[BlackElo "1660"]

1. e4 e5 2. Nf3 d6 3. Bc4 Nf6 4. Nc3 Bg4 5. h3 Be6 6. Bxe6 fxe6 7. d3 Nbd7 8.
Ng5 h6 9. Nxe6 Qc8 10. Nxf8 Nxf8 11. O-O Qd7 12. a4 Ng6 13. a5 a6 14. d4 exd4
15. Qxd4 O-O 0-1

[Event "AUTO-OPEN-59"]
[Site "http://www.queenalice.com/game.php?id=6329"]
[Date "2005.3.5"]
[Round "1"]
[White "adilson_camargo"]
[Black "VictorAlfredoSuarez"]
[Result "1-0"]
[WhiteElo "1664"]
[BlackElo "1362"]

1. d4 d5 2. c4 e6 3. Bf4 c5 4. dxc5 Bxc5 5. e3 Nf6 6. Nf3 O-O 7. Nc3 Qa5 8. a3
Qd8 9. Be5 Nbd7 10. Bd4 b6 11. cxd5 exd5 12. Bb5 Bxd4 13. Qxd4 Nc5 14. Bc6 1-0

[Event "AUTO-OPEN-59"]
[Site "http://www.queenalice.com/game.php?id=6330"]
[Date "2005.3.5"]
[Round "1"]
[White "VictorAlfredoSuarez"]
[Black "catalan"]
[Result "0-1"]
[WhiteElo "1334"]
[BlackElo "1532"]

1. d4 d5 2. g3 Bf5 3. Bg2 Nf6 4. Nf3 Nc6 5. O-O e6 6. a3 Bd6 7. Nc3 Qe7 8. Bg5
h6 9. Bd2 O-O 10. Nb5 a6 11. Nxd6 Qxd6 12. Qc1 h5 13. Bf4 Qe7 14. c4 dxc4 15.
Qxc4 Rad8 16. b4 Ne4 17. Rad1 Nd6 0-1

[Event "AUTO-OPEN-59"]
[Site "http://www.queenalice.com/game.php?id=6331"]
[Date "2005.3.5"]
[Round "1"]
[White "catalan"]
[Black "VictorAlfredoSuarez"]
[Result "1-0"]
[WhiteElo "1518"]
[BlackElo "1456"]

1. e4 c5 2. Nf3 d6 3. c4 e5 4. Nc3 Be6 5. d3 Nf6 6. Bg5 Nbd7 7. Be2 Be7 8. Nb5
O-O 9. g3 Bh3 10. Rg1 a6 11. Nc3 Qb6 12. b3 a5 13. Qd2 Rfe8 14. Qc1 Be6 15. Nh4
h6 16. Be3 1-0

[Event "maconhero"]
[Site "http://www.queenalice.com/game.php?id=6893"]
[Date "2005.3.15"]
[Round "-"]
[White "gon"]
[Black "VictorAlfredoSuarez"]
[Result "1-0"]
[WhiteElo "1614"]
[BlackElo "1342"]

1. e4 e5 2. Nf3 Nc6 3. Bc4 Nf6 4. Ng5 d5 5. exd5 Na5 6. Bb5+ Bd7 7. Bxd7+ Qxd7
8. Nc3 Nxd5 9. Nxd5 Qxd5 10. O-O Be7 11. d3 f6 12. Nf3 1-0

[Event "AUTO-INT-259"]
[Site "http://www.queenalice.com/game.php?id=134800"]
[Date "2006.11.29"]
[Round "1"]
[White "joffly"]
[Black "VictorAlfredoSuarez"]
[Result "0-1"]
[WhiteElo "1514"]
[BlackElo "1341"]

1. e4 e5 2. Nf3 Nc6 3. Bb5 d6 4. Bxc6+ bxc6 5. d4 Ba6 6. dxe5 Qd7 7. Nc3 Ne7 8.
Bf4 Rd8 9. exd6 cxd6 10. Ne2 Qg4 11. O-O Bxe2 12. Qxe2 Qxf4 0-1

[Event "AUTO-INT-259"]
[Site "http://www.queenalice.com/game.php?id=134801"]
[Date "2006.11.29"]
[Round "1"]
[White "VictorAlfredoSuarez"]
[Black "joffly"]
[Result "0-1"]
[WhiteElo "1347"]
[BlackElo "1630"]

1. e4 c5 2. Nf3 d6 3. Bc4 Nf6 4. Nc3 e6 5. O-O Be7 6. d4 cxd4 7. Nxd4 e5 8. Nf3
O-O 9. Bg5 Bg4 10. h3 Bxh3 11. gxh3 Nc6 12. Ne2 Nxe4 13. Bxe7 Qxe7 14. Ng3 Ng5
15. Kh2 Qf6 16. Be2 Rfd8 17. c3 e4 18. Nh4 d5 19. Bg4 h5 20. Nxh5 Qd6+ 21. Ng3
Ne5 0-1

[Event "AUTO-INT-259"]
[Site "http://www.queenalice.com/game.php?id=134816"]
[Date "2006.11.29"]
[Round "1"]
[White "VictorAlfredoSuarez"]
[Black "Silver_Surfer"]
[Result "0-1"]
[WhiteElo "1355"]
[BlackElo "1551"]

1. e4 e5 2. Nf3 Nc6 3. Bc4 Nf6 4. Nc3 Bc5 5. O-O O-O 6. d3 h6 7. Nh4 d6 8. Nf5
Bxf5 9. exf5 d5 10. Bb3 Nd4 11. Be3 Nxb3 12. axb3 d4 13. Bd2 dxc3 14. Bxc3 Re8
15. Qf3 e4 16. dxe4 Nxe4 17. Be1 Qg5 0-1

[Event "AUTO-INT-259"]
[Site "http://www.queenalice.com/game.php?id=134817"]
[Date "2006.11.29"]
[Round "1"]
[White "Silver_Surfer"]
[Black "VictorAlfredoSuarez"]
[Result "1-0"]
[WhiteElo "1542"]
[BlackElo "1364"]

1. Nf3 d5 2. d4 Nf6 3. Nc3 g6 4. g3 Bg7 5. Bg2 O-O 6. O-O Nc6 7. Ne5 Bf5 8. Bf4
Ne4 9. Nxc6 bxc6 10. Nxe4 Bxe4 11. Bxe4 dxe4 12. c3 Rb8 13. Qc2 f5 14. f3 Re8
15. fxe4 e6 16. b4 e5 17. Bxe5 Bxe5 18. dxe5 Rxe5 19. exf5 1-0

[Event "AUTO-INT-259"]
[Site "http://www.queenalice.com/game.php?id=134818"]
[Date "2006.11.29"]
[Round "1"]
[White "VictorAlfredoSuarez"]
[Black "ArionnOlsen"]
[Result "0-1"]
[WhiteElo "1338"]
[BlackElo "1502"]

1. e4 e5 2. Nf3 d6 3. Nc3 Nf6 4. Bc4 h6 5. O-O Nc6 6. d4 exd4 7. Nxd4 Nxd4 8.
Qxd4 c5 9. Qe3 Qe7 10. Qf4 Be6 11. Bxe6 Qxe6 12. Re1 g5 13. Qg3 O-O-O 14. Nb5 a6
15. Nc3 Nh5 16. Qf3 Nf6 0-1

[Event "AUTO-INT-259"]
[Site "http://www.queenalice.com/game.php?id=134819"]
[Date "2006.11.29"]
[Round "1"]
[White "ArionnOlsen"]
[Black "VictorAlfredoSuarez"]
[Result "1-0"]
[WhiteElo "1511"]
[BlackElo "1329"]

1. d4 Nf6 2. c4 g6 3. Nc3 Bg7 4. Nf3 d6 5. e4 c6 6. Bd3 O-O 7. O-O Bg4 8. h3
Bxf3 9. Qxf3 Na6 10. a3 e5 11. dxe5 dxe5 12. b4 Nc7 13. Bg5 Qd4 14. Rfd1 Qxc3
15. Bxf6 Bxf6 16. Qxf6 Ne6 17. Qf3 1-0

[Event "Challenge"]
[Site "http://www.queenalice.com/game.php?id=143543"]
[Date "2006.12.19"]
[Round "-"]
[White "AAmorim"]
[Black "VictorAlfredoSuarez"]
[Result "1-0"]
[WhiteElo "1645"]
[BlackElo "1342"]

1. e4 e5 2. Nf3 Nc6 3. Bb5 Nf6 4. Bxc6 bxc6 5. Nxe5 Qe7 6. d4 Nxe4 7. Qe2 f5 8.
f3 Nf6 9. Nc3 Bb7 10. Bg5 O-O-O 11. O-O-O h6 12. Ng6 Qxe2 13. Nxe2 Rg8 14. Bxf6
gxf6 15. Nxf8 Rdxf8 16. c4 Rxg2 17. Kd2 Re8 18. Rhe1 Rxh2 19. Rh1 Rexe2+ 20. Kd3
Rxb2 21. Rxh2 Rxh2 22. Rg1 Kd8 23. Rg6 1-0